hadha kitab tanwir al-sadr 'ala hizb al-barr : /

محفوظ في:

المؤلف الرئيسي: shabrawi, 'umar ibn ja'far

التنسيق: كتاب

اللغة: Undetermined

منشور في: : , 1881.

الوسوم: إضافة وسم

لا توجد وسوم, كن أول من يضع وسما على هذه التسجيلة!

رقم الطلب: BP189.7 .S52 A3437

LEADER 00510nam a2200133Ia 4500
008 220401s9999||||xx |||||||||||||| ||und||
050 4 |a BP189.7 .S52 A3437 
100 1 |a shabrawi, 'umar ibn ja'far 
245 1 0 |a hadha kitab tanwir al-sadr 'ala hizb al-barr :  |b  /  |c umar ibn ja'far shabrawi. 
264 1 |a  :  |b ,  |c 1881. 
300 |a 622p. :  |b  ;  |c 19cm. 
942 |2 lcc  |c BK 
952 |0 0  |1 0  |2 lcc  |4 0  |6 BP01897 S52 A3437  |7 1  |9 39605  |a ARCE  |b ARCE  |d 2022-04-01  |l 0  |o BP189.7 .S52 A3437  |r 2022-04-01 00:00:00  |w 2022-04-01  |y BK 
999 |c 47186  |d 47186